Hồ Xuân Hương tác phẩm và lời bình
Giới thiệu một số tác phẩm của Hồ Xuân Hương và lời bình cho thơ của bà từ các tác giả nổi tiếng như: Xuân Diệu, Nguyễn Tuân, Nguyễn Lộc...
Guardat en:
| Altres autors: | |
|---|---|
| Format: | Llibre |
| Idioma: | Vietnamese |
| Publicat: |
H.
Nxb Văn học
2005
|
| Col·lecció: | Văn học trung đại Việt Nam
|
| Etiquetes: |
Afegir etiqueta
Sense etiquetes, Sigues el primer a etiquetar aquest registre!
|
| Thư viện lưu trữ: | Mạng thư viện Đại học Đà Nẵng |
|---|
| LEADER | 01184nam a2200313 4500 | ||
|---|---|---|---|
| 001 | 000004209 | ||
| 003 | 340 | ||
| 005 | 20121211001204.0 | ||
| 008 | 110718s2005 viesd | ||
| 020 | |c 42000 | ||
| 041 | 0 | |a vie | |
| 082 | |a 895.9221 |b HO-H | ||
| 245 | 0 | |a Hồ Xuân Hương tác phẩm và lời bình |c Tuấn Thành - Anh Vũ | |
| 260 | |a H. |b Nxb Văn học |c 2005 | ||
| 300 | |a 417 |c 19cm | ||
| 490 | |a Văn học trung đại Việt Nam | ||
| 520 | |a Giới thiệu một số tác phẩm của Hồ Xuân Hương và lời bình cho thơ của bà từ các tác giả nổi tiếng như: Xuân Diệu, Nguyễn Tuân, Nguyễn Lộc... | ||
| 700 | |a Tuấn Thành |a Anh Vũ | ||
| 910 | |a Ngô Văn Đường | ||
| OWN | |a LSP | ||
| AVA | |a UDN50 |b LSP |d 895.9221 HO-H |e check_holdings |t Error 5003 Not defined in file expand_doc_bib_avail. |h N |k 1 | ||
| 999 | |a From the UDN01 | ||
| AVA | |a UDN50 |b LSP |d 895.9221 HO-H |e available |t Error 5001 Not defined in file expand_doc_bib_avail. |f 26 |g 0 |h N |i 0 |k 1 | ||
| TYP | |a Monograph | ||
| TYP | |a Printed language | ||
| 980 | |a Mạng thư viện Đại học Đà Nẵng | ||